书目信息 |
| 题名: |
社会福利思想
|
|
| 作者: | 陈红霞 编著 | |
| 分册: | ||
| 出版信息: | 北京 社会科学文献出版社 2002 |
|
| 页数: | 320页 | |
| 开本: | 21cm | |
| 丛书名: | 社会工作丛书 | |
| 单 册: | ||
| 中图分类: | C913.7 | |
| 科图分类: | ||
| 主题词: | 社会福利--思想史--世界 , CT--S065448--社会福利 | |
| 电子资源: | ||
| ISBN: | 7-80149-736-8 | |
| 000 | 00912nam0 2200277 45 | |
| 001 | 012002061510 | |
| 005 | 20031219104120.0 | |
| 010 | @a7-80149-736-8@dCNY19.00 | |
| 100 | @a20020805d2002 em y0chiy0110 ea | |
| 101 | 0 | @achi |
| 102 | @aCN@b110000 | |
| 105 | @ay z 000yy | |
| 106 | @ar | |
| 200 | 1 | @a社会福利思想@9she hui fu li si xiang@f陈红霞编著 |
| 210 | @a北京@c社会科学文献出版社@d2002 | |
| 215 | @a320页@d21cm | |
| 225 | 2 | @a社会工作丛书 |
| 330 | @a本书以各个历史时期代表性人物、代表性学派为线索,根据社会发展的历史时期,分述古代中世纪、近代和现当代的主要社会福利思想的产生、发展、演变的过程。 | |
| 461 | 0 | @12001 @a社会工作丛书 |
| 510 | 1 | @aSocial Welfare Thoughts@zeng |
| 606 | 0 | @a社会福利@x思想史@y世界 |
| 606 | 0 | @2CT@3S065448@a社会福利 |
| 690 | @aC913.7@v4 | |
| 701 | 0 | @a陈红霞@9chen hong xia@4编著 |
| 801 | @aCN@bTSTC@c20031011 | |
| 905 | @a213230@b326869-871@dC913.7@e302@f3 | |
| 社会福利思想/陈红霞编著.-北京:社会科学文献出版社,2002 |
| 320页;21cm.-(社会工作丛书) |
| ISBN 7-80149-736-8:CNY19.00 |
| 本书以各个历史时期代表性人物、代表性学派为线索,根据社会发展的历史时期,分述古代中世纪、近代和现当代的主要社会福利思想的产生、发展、演变的过程。 |
| ● |
| 相关链接 |
|
|
|
|
正题名:社会福利思想
索取号:C913.7/302
 
预约/预借
| 序号 | 登录号 | 条形码 | 馆藏地/架位号 | 状态 | 备注 |
| 1 | 0326869 | 203268695 | 第一借阅区/ [索取号:C913.7/302] | 在馆 | |
| 2 | 0326870 | 203268702 | 第一借阅区/ [索取号:C913.7/302] | 在馆 | |
| 3 | 0326871 | 203268711 | 第一样本阅览室/ [索取号:C913.7/302] | 在馆 |